52 voices that sing in tune (Record no. 65074)
[ view plain ]
| 000 -LEADER | |
|---|---|
| fixed length control field | 01331cad a22002415a 4500 |
| 001 - CONTROL NUMBER | |
| control field | ABS63086 |
| 008 - FIXED-LENGTH DATA ELEMENTS--GENERAL INFORMATION | |
| fixed length control field | 001020s20001014xxk f 000 0 eng d |
| 035 ## - SYSTEM CONTROL NUMBER | |
| System control number | (Sirsi) u108968 |
| 041 0# - LANGUAGE CODE | |
| Language code of text/sound track or separate title | eng |
| 100 1# - MAIN ENTRY--PERSONAL NAME | |
| Personal name | Edge, J |
| 245 00 - TITLE STATEMENT | |
| Title | 52 voices that sing in tune |
| 260 ## - PUBLICATION, DISTRIBUTION, ETC. | |
| Date of publication, distribution, etc. | 2000 |
| 490 #4 - SERIES STATEMENT | |
| Series statement | Estates Gazette |
| Volume/sequential designation | (0041) 14 October 2000, 198-199(2) |
| 520 ## - SUMMARY, ETC. | |
| Summary, etc. | In June 2000, the International Valuation Standards Committee published its latest valuation guidelines as IVS 2000. In an attempt to achieve a harmonised approach to valuation it is now monitoring the key differences between its own guidelines and the main UK and US valuation standards. Before endorsing IVS 2000 other valuation standards authorities, such as the RICS and the Appraisal Institute, are seeking to ensure there are no fundamental differences between it and their own rules. The implication is that a common standard may not be far off. Includes a listing of the IVSC's objectives and a diagram of its standards structure. |
| 590 ## - LOCAL NOTE (RLIN) | |
| Local note | ABS |
| 610 24 - SUBJECT ADDED ENTRY--CORPORATE NAME | |
| Corporate name or jurisdiction name as entry element | International Valuation Standards Committee |
| 9 (RLIN) | 3611 |
| 610 24 - SUBJECT ADDED ENTRY--CORPORATE NAME | |
| Corporate name or jurisdiction name as entry element | Appraisal Institute |
| 9 (RLIN) | 2987 |
| 650 24 - SUBJECT ADDED ENTRY--TOPICAL TERM | |
| Topical term or geographic name entry element | RICS APPRAISAL AND VALUATION MANUAL |
| 650 24 - SUBJECT ADDED ENTRY--TOPICAL TERM | |
| Topical term or geographic name entry element | INTERNATIONAL VALUATION STANDARDS |
| 651 #4 - SUBJECT ADDED ENTRY--GEOGRAPHIC NAME | |
| Geographic name | International |
| 690 ## - LOCAL SUBJECT ADDED ENTRY--TOPICAL TERM (OCLC, RLIN) | |
| Topical term or geographic name as entry element | PROPERTY-PROPERTY APPRAISAL AND VALUATION |
| 942 ## - ADDED ENTRY ELEMENTS (KOHA) | |
| Suppress in OPAC | 0 |
| Withdrawn status | Lost status | Source of classification or shelving scheme | Damaged status | Not for loan | Home library | Current library | Shelving location | Date acquired | Total Checkouts | Full call number | Barcode | Date last seen | Copy number | Price effective from | Koha item type |
|---|---|---|---|---|---|---|---|---|---|---|---|---|---|---|---|
| Dewey Decimal Classification | London | London | Journal article | 25/10/2000 | ABS63086 | 108968-1001 | 06/08/2019 | 1 | 06/08/2019 | Journal article |